000 00691pam a2200169 4500
001 6089
005 20181127180843.0
008 861024r19871972enkaf 001 0 eng
020 _a9789993676225
100 1 _aWangchuk, Phurpa .
245 1 2 _aHigh altitude medicinal plants of Bhutan :
_can illustrated guide for pratical use /
_bPhurpa Wangchuk.
260 _aThimphu :
_bPharmaceutical and Research Unit, Institute of Traditional Medicine Services, Ministry of Health.
_c2009.
300 _a156 p. :
_bcol. ill ;
_c19 cm.
504 _aIncludes bibliographical references and index.
650 _aMedicinal plants -- Bhutan.
_v
_x
_y
_z
_2
650 0 _aMedicinal plants
_zBhutan
_vIdentification..
999 _c5140
_d5140